Kabinet-Rutte IV - Statistieken

Algemene statistieken
  • Deze quiz is 28 keer genomen
  • De gemiddelde score is 8 van 20
Antwoordstatistieken
Hint Antwoord % Correct
Minister-president Mark Rutte
100%
Minister van Financiën Sigrid Kaag
89%
Minister van Buitenlandse zaken (BZ) Wopke Hoekstra
72%
Minister voor Volkshuisvesting en Ruimtelijke Ordening (VRO) Hugo de Jonge
61%
Minister van Defensie Kajsa Ollongren
56%
Minister voor Armoedebeleid, Participatie en Pensioenen (APP) Carola Schouten
50%
Minister voor Klimaat en Energie (KE) Rob Jetten
50%
Minister voor Natuur en Stikstof (NS) Christianne van der Wal
44%
Minister van Volksgezondheid, Welzijn en Sport (VWS) Ernst Kuipers
44%
Minister van Onderwijs, Cultuur en Wetenschap (OCW) Robbert Dijkgraaf
39%
Minister voor Langdurige Zorg en Sport (LZS) Conny Helder
33%
Minister voor Primair en Voortgezet Onderwijs (PVO) Dennis Wiersma
33%
Minister van Justitie en Veiligheid (JV) Dilan Yesilgöz-Zegerius
33%
Minister voor Rechtsbescherming (RB) Franc Weerwind
22%
Minister van Landbouw, Natuur en Voedselkwaliteit (LNV) Piet Adema
22%
Minister van Binnenlandse Zaken en Koninkrijksrelaties (BZK) Hanke Bruins Slot
17%
Minister van Sociale Zaken en Werkgelegenheid (SZW) Karien van Gennip
11%
Minister voor Buitenlandse Handel en Ontwikkelingssamenwerking (BHO) Liesje Schreinemacher
11%
Minister van Infrastructuur en Waterstaat (IW) Mark Harbers
11%
Minister van Economische Zaken en Klimaat (EKZ) Micky Adriaansens
11%
Geen overeenkomende quizzen gevonden
Scoreverdeling
Procent van Mensen met Elke Score
Percentiel versus Aantal Correcte Antwoorden
Uw Scoregeschiedenis
U heeft deze quiz nog niet genomen